The evicted tribal’s of Chhattisgarh: Their saga of impoverishment and marginalisation (Record no. 530725)

000 -LEADER
fixed length control field 01733nam a22001457a 4500
008 - FIXED-LENGTH DATA ELEMENTS--GENERAL INFORMATION
fixed length control field 250710b ||||| |||| 00| 0 eng d
100 ## - MAIN ENTRY--PERSONAL NAME
Personal name Mukherjee, Anirban and Pattnaik, Binay Kumar
245 ## - TITLE STATEMENT
Title The evicted tribal’s of Chhattisgarh: Their saga of impoverishment and marginalisation
260 ## - PUBLICATION, DISTRIBUTION, ETC. (IMPRINT)
Place of publication, distribution, etc Sociological Bulletin
300 ## - PHYSICAL DESCRIPTION
Extent 74(2), Apr, 2025: p.132-151
520 ## - SUMMARY, ETC.
Summary, etc The Hasdeo Arand is a tribal-dominated region of Chhattisgarh, with heavy coal reserves and rich biodiversity with many rare species of flora and fauna. Despite being declared a Scheduled Area for its ecological sensitivity, two coal mining projects were approved in the region in 2011, and it had a devastating impact on the forest ecosystem, leading to a loss of livelihood, culture and identity of the local tribes. This article analyses the displacement of the tribals in Hasdeo Arand from the standpoint of eight impoverishment risks, as discussed in the Impoverishment Risks and Reconstruction Model of Michael Cernea, 1997. Stated differently, the article explicates the application of the Cernea model in the context of a project-induced displacement in India. Further, it offers a nuanced understanding of the marginalisation of the displaced tribals in the backdrop of the government–business alliance. This qualitative research is a result of the study conducted among the displaced tribals of Mohanpur, Hariharpur, Fatehpur and Ghatbarra villages of Hasdeo Arand in Chhattisgarh.- Reproduced

https://journals.sagepub.com/doi/full/10.1177/00380229241313445
650 ## - SUBJECT ADDED ENTRY--TOPICAL TERM
Topical term or geographic name as entry element Tribal displacement, Impoverishment risks and reconstruction model, Marginalisation, Tribes.
9 (RLIN) 54989
773 ## - HOST ITEM ENTRY
Main entry heading Sociological Bulletin
942 ## - ADDED ENTRY ELEMENTS (KOHA)
Item type Articles
Holdings
Withdrawn status Lost status Source of classification or shelving scheme Damaged status Not for loan Permanent location Current location Date acquired Serial Enumeration / chronology Barcode Date last seen Koha item type
          Indian Institute of Public Administration Indian Institute of Public Administration 2025-07-10 74(2), Apr, 2025: p.132-151 AR136510 2025-07-10 Articles

Powered by Koha